| 000 | 00593nam a2200205 i 4500 | ||
|---|---|---|---|
| 001 | 130936 | ||
| 003 | ES-MaACL | ||
| 005 | 20240324063005.0 | ||
| 007 | t| | ||
| 008 | 070813s1958 sp ||||1| spa d | ||
| 100 | 1 |
_aWodehouse, P. G., _d1881-1975 _9117205 |
|
| 245 | 1 | 0 |
_aAmor y gallinas / _cP. G. Wodehouse; [versión española de Carlos Botet]. |
| 260 |
_aBarcelona : _bG. P., _c[1958] |
||
| 300 |
_a189 p. ; _c18 cm. |
||
| 490 | 1 | _aPlaza | |
| 700 | 1 |
_aBotet, Carlos. _930767 |
|
| 830 | 0 |
_aPlaza _9181244 |
|
| 852 |
_aES-MaACL _jC-14722 _bR.42770 |
||
| 999 |
_c130936 _d130936 |
||